000
00325nam a22001337a 4500
020
_a
9780730335924
082
_a
346.066
_b
WON
100
_a
Wong, Alex
245
_a
Company Law /
_c
Alex Wong and et all
260
_a
Australia:
_b
John Wiley & Sons,
_c
2017.
300
_a
354 p.
563
_a
PB.
942
_2
ddc
_c
BK
999
_c
614116
_d
614116